000 00260nam a2200109Ia 4500
008 190216s9999||||xx |||||||||||||| ||und||
100 _aMarks M A
245 0 _aMalayalam-Moham Part Iii
260 _bAnil Books Kazhakkootam
650 _aMalayalam
942 _cBK
999 _c25116
_d25116